000 00608nam a22001817a 4500
005 20251108170927.0
008 250721s1996 xx 000 0 ara d
082 1 4 _a218.7/توب
100 1 _aالتوبة، غازي
245 1 0 _aالتغيير في العالم الإسلامي :
_bأزمة موضوعية أم ذاتية /
264 1 _aالكويت :
_bدار البحوث الإسلامية للنشر،
_c1996.
300 _a54ص
650 1 7 _aالحركات الإسلامية
650 1 7 _aالإسلام
650 1 7 _aالإصلاح و التجديد
942 _2ddc
_cBK
999 _c52317
_d52317